Problems and solutions in basic electronics / (Record no. 50556)

MARC details
000 -LEADER
fixed length control field 01723nam a22003377a 4500
005 - DATE AND TIME OF LATEST TRANSACTION
control field 20110215111856.0
008 - FIXED-LENGTH DATA ELEMENTS--GENERAL INFORMATION
fixed length control field 110215t xxu||||| |||| 00| 0 eng d
010 ## - LCCN (DPL NO)
LC control number ENG-102003 B-454423-425
020 ## - INTERNATIONAL STANDARD BOOK NUMBER
International Standard Book Number 9780070702752
Terms of availability 225.00
020 ## - INTERNATIONAL STANDARD BOOK NUMBER
International Standard Book Number 0070702756
Terms of availability 225.00
035 ## - SYSTEM CONTROL NUMBER
System control number EN-85536 B-454423-425
037 ## - SOURCE OF ACQUISITION
Source of stock number/acquisition DBAD/PUB
040 ## - CATALOGING SOURCE
Original cataloging agency dpl
Language of cataloging Eng
082 ## - DEWEY DECIMAL CLASSIFICATION NUMBER
Classification number 621.3815
100 ## - MAIN ENTRY--PERSONAL NAME
Personal name Malvino, Albert
9 (RLIN) 25984
245 ## - TITLE STATEMENT
Title Problems and solutions in basic electronics /
Statement of responsibility, etc by Albert Malvino [and] David J. Bates
260 ## - PUBLICATION, DISTRIBUTION, ETC. (IMPRINT)
Place of publication, distribution, etc New Delhi
Name of publisher, distributor, etc Tata McGraw Hill
Date of publication, distribution, etc 2011
270 ## - ADDRESS
Address 7, West Patel Nagar
City New Delhi
Postal code 110008
300 ## - PHYSICAL DESCRIPTION
Extent various pagings
Dimensions 23cm (pbk)
650 ## - SUBJECT ADDED ENTRY--TOPICAL TERM
9 (RLIN) 25980
650 ## - SUBJECT ADDED ENTRY--TOPICAL TERM
9 (RLIN) 25981
650 ## - SUBJECT ADDED ENTRY--TOPICAL TERM
9 (RLIN) 25982
650 ## - SUBJECT ADDED ENTRY--TOPICAL TERM
9 (RLIN) 25985
700 ## - ADDED ENTRY--PERSONAL NAME
9 (RLIN) 25983
Personal name Bates, David J.
942 ## - ADDED ENTRY ELEMENTS (KOHA)
Source of classification or shelving scheme Dewey Decimal Classification
Item type English Books
Classification part 621.3815
Call number suffix MAL
Holdings
Withdrawn status Lost status Source of classification or shelving scheme Damaged status Not for loan Collection code Home library Current library Date acquired Source of acquisition Cost, normal purchase price Total Checkouts Full call number Barcode Date last seen Copy number Cost, replacement price Koha item type
    Dewey Decimal Classification     Non-fiction Central Library Central Library 02/03/2012 Blue Berry /7183/31.10.11/06/15.9.11/30.11.11 225.00 4 621.3815 MAL B-454423 23/04/2019 1 225.00 English Books
    Dewey Decimal Classification   Not For Loan Non-fiction D.B.Act.Division D.B.Act.Division 15/02/2011 DBAD/PUB 225.00   621.3815 MAL EN-85536 15/02/2011 1 225.00 English Books
  Written-off vide DLB M. No. 383 dt 16.05.19 Dewey Decimal Classification     Non-fiction Patel Nagar Patel Nagar 02/03/2012 Blue Berry /7183/31.10.11/06/15.9.11/30.11.11 225.00   621.3815 MAL B-454424 02/03/2012 1 225.00 English Books
    Dewey Decimal Classification     Non-fiction Sarojini Nagar Sarojini Nagar 02/03/2012 Blue Berry /7183/31.10.11/06/15.9.11/30.11.11 225.00   621.3815 MAL B-454425 02/03/2012 1 225.00 English Books

© Delhi Public Library
Hit Counter
free hit counter